Өөрийгөө билүүдэхийн учир (Бичлэгийн дугаар. 1156055)

MARC дэлгэрэнгүй
000 -Удирдлага
Ном зүйн бүртгэл тоо буюу кодлох утгыг агуулсан 01275nam a22002657a 4500
003 - ХЯНАЛТЫН ТОО ТОДОРХОЙЛОГЧ
Код MN-UlNLM
005 - ХАМГИЙН СҮҮЛИЙН ҮЕИЙН ХЭЛЦЛИЙН ОГНОО БА ЦАГ
Тухайн бичилтийг бичсэн засварласан сүүлийн огноо. 20260228175947.0
008 - ЕРӨНХИЙ МЭДЭЭЛЭЛ-ЭЛЕМЕНТҮҮДИЙН ӨГӨГДЛИЙН УРТ
fixed length control field 260228s2024 mp ||||| |||| 00| 0 mon d
020 ## - ОЛОН УЛСЫН СТАНДАРТ НОМЫН ДУГААР-ISBN
Олон Улсын Стандарт Номын Дугаар 9789919039059
040 ## - ЭХ СУРВАЛЖИЙГ ТОДОРХОЙЛОН БИЧИХ
Анхны каталогийн байгууллага Өмнөговь аймгийн Нийтийн номын сан
Бичлэг хийж нэвтрүүлэх байгууллага MN-UlNLM
Өөрчлүүлэх байгууллага MN-UlNLM
Бичиглэлийн тодорхойлолт rda
043 ## - GEOGRAPHIC AREA CODE
Geographic area code a-mp---
084 ## - БУСАД АНГИЛЛЫН ДУГААР
Ангиллын нэр Номын сан номзүйн ангилал
Анги 83.3(5Мон)
Зохиогчийн 3-н тэмдэгт Ч11
Шинжлэх ухааны мэдлэгийн салбар Ардын аман зохиол, утга зохиол - 82
100 0# - ЗОХИОГЧИЙН ХЭСЭГ
Зохиогчийн нэр Чүлтэсүрэн, Р.
Зохиогчийн хэргэм / зэрэг Хэл бичгийн ухааны доктор (Ph.D), профессор
Хүүрнэгчийн нөхцөлүүд Зохиогч
Зохиогчийн бүтэн овог нэр Ринчингийн
245 1# - ҮНДСЭН ГАРЧИГ
Гарчиг Өөрийгөө билүүдэхийн учир
Гарчигт хамааралтай мэдээ Д.Намдаг зохиолчийн намтар уран бүтээл
Оролцогчдын тухай мэдээ Редактор: З.Лонжид
-- Эх бэлтгэгч: Б.Баярбаатар
264 ## - ГАРАЛТЫН МЭДЭЭ
Хэвлэгдсэн газар Улаанбаатар хот
Бүтээгч, хэвлэгч, түгээгч, үйлдвэрлэгчийн нэр Жиком пресс ХХК
Хэвлэгдсэн он 2024
300 ## - ТООНЫ МЭДЭЭ
Хуудасны тоо 351 хуудастай
Бусад тоон мэдээлэл Фото зурагтай
Хэмжээ 245 см
336 ## - АГУУЛГЫН ТӨРӨЛ
Нөөц rdaconnect
Агуулгын төрлийн нөхцөл text
Агуулгын төрлийн код txt
337 ## - MEDIA TYPE
Эх сурвалж rdamedia
Файлын төрөл unmediated
Файлын код n
338 ## - CARRIER TYPE
Source rdacarrier
Carrier type term volume
Carrier type code nc
500 ## - НОМЫН ТОВЧ АГУУЛГА
Дэлгэрэнүй тайлбар Барим, дурсамж, судалгаа, тэмдэглэл
504 ## - НОМЗҮЙН ТУХАЙ МЭДЭЭ
Номзүйн тухай мэдээ Номзүйтэй (501-520 хуудас)
546 ## - ХЭЛНИЙ ТУХАЙ МЭДЭЭ
Хэлний код эсвэл цагаан толгой Монгол цагаан толгой
880 ## - ALTERNATE GRAPHIC REPRESENTATION
Linkage 245-01(N
942 ## - ЭЛЕМЕНТИЙН ТӨРӨЛ
Анги Номын сан номзүйн ангилал
Төрөл Ном
Захиалгууд
Буцаан татагдсан төлөв Хасагдсан шалтгаан Гэмтсэн төлөв Данс заагч Захиалах боломжгүй Үндсэн номын сан Одоогийн байршил Салбар танхим Салбар танхим Бүртгэсэн огноо Бүрдүүлэлтийн эх үүсвэр Тавиурын заалт Баркод Үнэ Хамгийн сүүлд байсан огноо Нийт уншлаганд гарсан тоо Дансны дугаар Ангиллын нэр Төрөл
          Өмнөговь аймаг Өмнөговь аймаг Өмнөговь | Фонд Өмнөговь | Фонд 2026-02-28 Бэлэг, хандив 83.3(5Мон) Ч11 UM01495673 40000.00 2026-02-28   95673 Номын сан номзүйн ангилал Ном